[Event "Kingston Easter U1600"]
[Site "Kingston"]
[Date "2019.04.18"]
[Round "1.48"]
[White "Bilodeau Savaria, Carl William"]
[Black "Chau, Jonathan"]
[Result "1-0"]
[WhiteElo "1313"]
[BlackElo "934"]
[PlyCount "33"]
[EventDate "2019.04.18"]
[EventType "swiss"]
[EventRounds "9"]
[EventCountry "CAN"]
[SourceTitle "EXT 2022"]
[Source "ChessBase"]
[SourceDate "2021.10.06"]
[SourceVersion "1"]
[SourceVersionDate "2021.10.06"]
[SourceQuality "1"]

1. e4 e5 2. Nf3 Nc6 3. Bb5 Nf6 4. 0-0 Ng4 5. c3 d5 6. exd5 Qxd5 7. Bxc6+ Qxc6 8. h3 h5 9. Re1 h4 10. hxg4 h3 11. Rxe5+ Kd8 12. Qb3 Bxg4 13. Rd5+ Kc8 14. Ne5 h2+ 15. Kh1 Bd1 16. Nxc6 Bxb3 17. Rd8# 1-0